Skład Aston Villi w Premier League 2024/25 - Statystyki

Ogólne statystyki
  • Ten quiz został rozwiązany 24 razy
  • Średni wynik to 12 z 30
Statystyki odpowiedzi
Numer Zawodnik % Poprawnych
1 Emiliano Martinez
100%
2 Matty Cash
100%
11 Ollie Watkins
94%
8 Youri Tielemans
78%
4 Ezri Konsa
72%
7 John McGinn
67%
44 Boubacar Kamara
61%
10 Emiliano Buendia
56%
14 Pau Torres
56%
5 Tyrone Mings
56%
24 Jhon Duran
50%
31 Leon Bailey
50%
12 Lucas Digne
50%
27 Morgan Rogers
50%
24 Amadou Onana
44%
22 Ian Maatsen
39%
25 Robin Olsen
39%
6 Ross Barkley
28%
15 Álex Moreno
22%
3 Diego Carlos
22%
41 Jacob Ramsey
22%
18 Joe Gauci
11%
30 Kortney Hause
11%
20 Kosta Nedeljković
11%
17 Samuel Iling
11%
35 Cameron Archer
6%
- Lino Sousa
6%
47 Tim Iroegbunam
6%
21 Enzo Barrenechea
0%
16 Jaden Philogene-Bidace
0%
Nie znaleziono quizów pasujących do podanych kryteriów
Rozkład punktacji
Procent ludzi z każdym wynikiem
Percentyl według liczby udzielonych odpowiedzi
Twoja historia wyników
Nie rozwiązałeś tego quizu